Opätovná militarizácia Japonska alebo hľadanie vlastnej tváre?

Saved in:
Bibliographic Details
Main Author: Hromý, Bruno
Format: Book Chapter
Language:Slovak
Tags: Add Tag
No Tags, Be the first to tag this record!

MARC

LEADER 00000naa$a2200000$$$4500
001 0062456
005 20240502071714.6
041 0 |a slo 
044 |a SK 
245 1 0 |a Opätovná militarizácia Japonska alebo hľadanie vlastnej tváre?  |c Bruno Hromý 
100 1 |a Hromý, Bruno